00755nam a2200181Ia 4500008004100000020001500041041001200056082001600068100001600084245006100100260003600161300000800197650001600205942000700221999001500228952016000243952017000403221030s9999 xx 000 0 und d a8178840545 aEnglish a105.23bBha aR. Bhargava 0aConcise Desk Top Publishing (DTP) Coursecby R. Bhargava bCyber Tech PubaNew Delhic2002 a224 aBE Computer cBK c3329d3329 pBE 5565g99.00l0o105.23 Bhar2024-06-13 00:00:00w2022-10-30yBK003Print4071aMIETLIBbMIETLIBcBL-Second, FL-1, CUP-77, SH-3, R-3d2002-06-1810HBE pBE 5566g99.00l0o105.23 Bhar2024-06-13 00:00:00w2022-10-30yBK003Print4070aMIETLIBbMIETLIBcBL-Academic Block C, FL-2, CUP-48, SH-4, R-4d2002-06-1810HBE